| 000 | 00755nam a22002057a 4500 | ||
|---|---|---|---|
| 005 | 20210325180038.0 | ||
| 008 | s2541 th tha d | ||
| 020 | _a9748632458 | ||
| 041 | _atha | ||
| 050 | _aJQ1745.A5 ส854ม 2541 | ||
| 100 | 0 | _aสุรศักดิ์ อมรรัตนศักดิ์ | |
| 245 | 1 | 0 | _aมองอีกมุม |
| 260 | 3 |
_aกรุงเทพฯ : _bเงาเวลา, _c2541 |
|
| 300 |
_a120 หน้า : _b ภาพประกอบ, ตาราง ; _c 21 ซม. |
||
| 650 | 0 | 4 | _aไทย -- การเมืองและการปกครอง -- บทความ |
| 850 | _aNALT | ||
| 942 | _cGB | ||
| 997 | _c000000000008337 | ||
| 998 | _aBENJALUCK SUTTHIWILAI | ||
| 999 |
_c8337 _d8337 |
||